| 000 | 00550nam a2200169 i 4500 | ||
|---|---|---|---|
| 001 | 21674 | ||
| 003 | ES-MaACL | ||
| 005 | 20230906152526.0 | ||
| 007 | t| | ||
| 008 | 021127s1960 sp ||||1| spa d | ||
| 100 | 1 |
_aAlbiñana Goussard, Carlos. _919385 |
|
| 245 | 1 | 0 |
_aManual de lengua francesa _b: curso elemental / _cCarlos Albiñana Goussard. |
| 260 |
_aZaragoza : _b[s.n., _c1960] ( _fImp. Librería General) |
||
| 300 |
_a222 p. : _bil. ; _c24 cm. |
||
| 500 | _aObra aprobada por el Ministerio Nacional. | ||
| 852 |
_aES-MaACL _jC-20088 _bR.47703 |
||
| 999 |
_c21674 _d21674 |
||